Reyes de Oceanía - Estadísticas

Estadísticas generales
  • Esta prueba ha sido intentada 11 veces
  • La puntuación promedio es 11 de 18
Estadísticas de respuestas
Período Nombre % Correcto
1952-2022 Isabel II de Reino Unido
100%
2022-Act. Carlos III de Reino Unido
89%
1901-1910 Eduardo VII de Reino Unido
89%
1936 Eduardo VIII de Reino Unido
89%
1965-2006 Jorge III Tupou IV
89%
1893-1918 Jorge II Tupou II
89%
1845-1893 Jorge I Tupou I
89%
2006-2012 Jorge IV Tupou V
89%
1910-1936 Jorge V de Reino Unido
89%
1936-1952 Jorge VI de Reino Unido
89%
2012-Act. Jorge V Tupou VI
89%
1901 Victoria de Reino Unido
78%
1918-1965 Carlota Tupou III
0%
1788-1803 Pōmare I
0%
1803-1821 Pōmare II
0%
1821-1827 Pōmare III
0%
1827-1877 Pōmare IV
0%
1877-1880 Pōmare V
0%
No se encontraron pruebas coincidentes
Distribución de puntuación
Porcentaje de gente con cada puntuación
Porcentaje por número respondido
Historial de tus puntuaciones
No has intentado esta prueba.